000 00716nam a2200217 a 4500
999 _c10557
_d10557
001 10557
003 BD-JhCC
005 20180710124437.0
008 180710s2016 bg |||| |||| 000 0 ben d
020 _a9789849118190
035 _a(BD-JhCC)10557
040 _aBD-JhCC
_dBD-JhCC
041 _aben
082 _a891.4435
_bKAU 2016
100 _aকাউসার, মহিউদ্দিন
245 _aরস কোম্পানী (প্রা.) লিমিটেড /
_cমহিউদ্দিন কাউসার
260 _aঢাকা :
_bরূপ প্রকাশন,
_c২০১৬.
300 _a৭২ পৃ. :
_c২০ সেমি.
650 _aBengali Comics
942 _2ddc
_cBK